Presidential Term Lengths Quiz Stats

 Plays Quiz Updated Jan 20, 2021

Support Sporcle.
Go Orange.
Score 0/44 Timer 07:00
0 Plays Today
% Correct
d) Exactly two full terms
88%
d) Exactly two full terms
86.6%
d) Exactly two full terms
85.7%
d) Exactly two full terms
83.6%
d) Exactly two full terms
83.4%
d) Exactly two full terms
83.2%
b) Exactly one full term
82.1%
e) More than two full terms
80.7%
b) Exactly one full term
79.8%
d) Exactly two full terms
79.6%
d) Exactly two full terms
79.1%
b) Exactly one full term
78.7%
a) Less than one full term
78.4%
b) Exactly one full term
78.2%
c) More than one full term but less than two
77.8%
b) Exactly one full term
77.7%
d) Exactly two full terms
77.5%
b) Exactly one full term
77.4%
b) Exactly one full term
76.2%
a) Less than one full term
76.1%
d) Exactly two full terms
75.9%
b) Exactly one full term
75.6%
% Correct
d) Exactly two full terms
75%
b) Exactly one full term
74.2%
c) More than one full term but less than two
74.2%
b) Exactly one full term
74.2%
d) Exactly two full terms
73.8%
c) More than one full term but less than two
72.3%
b) Exactly one full term
71.9%
d) Exactly two full terms
71.6%
b) Exactly one full term
71.5%
a) Less than one full term
70.1%
b) Exactly one full term
69.5%
a) Less than one full term
65.2%
c) More than one full term but less than two
61.2%
a) Less than one full term
55.8%
c) More than one full term but less than two
55.8%
a) Less than one full term
54.7%
a) Less than one full term
53.7%
c) More than one full term but less than two
50.6%
a) Less than one full term
50%
a) Less than one full term
48.6%
c) More than one full term but less than two
46.9%
a) Less than one full term
45.3%

You're not logged in!

Compare scores with friends on all Sporcle quizzes.
OR
Log In

From the Vault

Phases of Mitosis

by RAA

This Mitosis quiz is just giving us a splitting headache.
Remove Ads.
Support Sporcle.
Get the best of Sporcle when you Go Orange. This ad-free experience offers more features, more stats, and more fun while also helping to support Sporcle. Thank you for becoming a member.

Show Comments

Extras

Top Quizzes Today


Score Distribution

Your Account Isn't Verified!

In order to create a playlist on Sporcle, you need to verify the email address you used during registration. Go to your Sporcle Settings to finish the process.

Report this User

Report this user for behavior that violates our Community Guidelines.

Details: